Logo BPK

Biblioteka

Politechniki Koszalińskiej

Zrys chemii ogólnej : (Rekord nr 16898)

Szczegóły MARC
000 -ETYKIETA REKORDU
podpole kontrolne o stałej długości 00449nam a2200157 i 4500
001 - NUMER KONTROLNY REKORDU
pole kontrolne bg
040 ## - ŹRÓDŁO KATALOGOWANIA
Instytucja, która utworzyła rekord BPK
041 ## - KOD JĘZYKA
Kod języka tekstu pol
008 - POLE O STAŁEJ DŁUGOŚCI - DANE KONTROLNE
podpole kontrolne o stałej długości s pl f |000 0 pol
100 1# - NAZWA OSOBOWA
Nazwa osobowa UJMA, Janina
245 #0 - TYTUŁ/ODPOWIEDZIALNOŚĆ
Tytuł Zrys chemii ogólnej :
Ciąg dalszy tytułu dla studentów Wydziału Budowy Maszyn /
Pozostałe elementy strefy tytułu i oznaczenia odpowiedzialności Janina Ujma, Krystyna Błaszczyk, Alicja Mazanek.
260 ## - STREFA ADRESU WYDAWNICZEGO
Miejsce wydania Częstochowa,
Data publikacji, dystrybucji/powstania dokumentu 1976.
700 1# - HASŁO DODATKOWE - NAZWA OSOBOWA
Nazwa osobowa BŁASZCZYK, Krystyna
700 1# - HASŁO DODATKOWE - NAZWA OSOBOWA
Nazwa osobowa MAZANEK, Alicja
856 ## - LOKALIZACJA I DOSTĘP DO ELEKTRONICZNYCH DOKUMENTÓW ZDALNYCH
Link (URL) http://koha.tu.koszalin.pl/cgi-bin/koha/opac-detail.pl?biblionumber=16898
Tekst linku Katalog online BPK
942 ## - DODATKOWE ELEMENTY (KOHA)
Typ dokumentu Książka
Egzemplarze
Wycofany Status egzemplarza Uszkodzony Dostępność Lokalizacja stała Lokalizacja bieżąca Miejsce przechowywania Sygnatura Kod kreskowy Typ dokumentu
      Dostępny Biblioteka Politechniki Koszalińskiej Biblioteka Politechniki Koszalińskiej Wypożyczalnia BG 21138 01694918 Książka
© 2023 Biblioteka Politechniki Koszalińskiej :: KOHA